000 00690nam a22001935i 4500
001 166589
003 ES-MaACL
005 20250929063246.0
008 040802s1801 fr |||| | fre d
040 _aCAM
_bspa
_cCAM
100 1 _aLacroix, Silvestre-François,
_d1765-1843
_9128571
245 1 0 _aTraité élémentaire d'arithmétique, à l'usage de l'École centrale des Quatre-Nations /
_c[par S.-F. Lacroix.
250 _a3me. éd.
260 _aA Paris :
_bde l'imprimerie de Crapelet :
_bchez Duprat,
_c1801.
300 _a157 p. ;
_c20 cm.
650 0 7 _aAritmética
_2embne
_99963
852 _aES-MaACL
_jC-3872(2)
_z-- Enc. pasta española
999 _c166589
_d166589